A promise is a promise / (Record no. 9933)

MARC details
000 -LEADER
fixed length control field 01166nam a22003017a 4500
001 - CONTROL NUMBER
control field 9933
003 - CONTROL NUMBER IDENTIFIER
control field FISKH
005 - DATE AND TIME OF LATEST TRANSACTION
control field 20260317123726.0
008 - FIXED-LENGTH DATA ELEMENTS--GENERAL INFORMATION
fixed length control field 260317b cb ||||| |||| 00| 0 eng d
020 ## - INTERNATIONAL STANDARD BOOK NUMBER
International Standard Book Number 155037009X
040 ## - CATALOGING SOURCE
Original cataloging agency FISKH
Language of cataloging eng
Transcribing agency FISKH
Modifying agency FISKH
050 ## - LIBRARY OF CONGRESS CALL NUMBER
Classification number PZ7 .M927 .P
082 ## - DEWEY DECIMAL CLASSIFICATION NUMBER
Classification number 813.54
100 ## - MAIN ENTRY--PERSONAL NAME
Personal name Munsch , Robert
245 ## - TITLE STATEMENT
Title A promise is a promise /
Statement of responsibility, etc. Story Robert Munsch & Michael Kusugak : Art Vladyana Krykorka
250 ## - EDITION STATEMENT
Edition statement Forty-first printing , January 2016
260 ## - PUBLICATION, DISTRIBUTION, ETC.
Place of publication, distribution, etc. Ontario :
Name of publisher, distributor, etc. Bob Munsch Enterprises Ltd. ,
Date of publication, distribution, etc. 1988.
300 ## - PHYSICAL DESCRIPTION
Extent 28 unnumbered pages :
Other physical details color illustrations ;
Dimensions 20 X 20 cm .
505 ## - FORMATTED CONTENTS NOTE
Formatted contents note O <br/>
520 ## - SUMMARY, ETC.
Summary, etc. Juvenile Fiction. Picture Book Fiction. HTML:When Allashua disobeys her parents and goes fishing on the sea ice, she has to use her wits to escape and to further trick the Qallupilluit when she promises to bring her brothers and sisters back to them.
521 8# - TARGET AUDIENCE NOTE
Target audience note 600 <br/>
Source Lexile <br/>
521 8# - TARGET AUDIENCE NOTE
Target audience note O <br/>
Source Raz-Plus <br/>
650 ## - SUBJECT ADDED ENTRY--TOPICAL TERM
Topical term or geographic name entry element Indigenous
Form subdivision Children's Books
650 ## - SUBJECT ADDED ENTRY--TOPICAL TERM
Topical term or geographic name entry element Diversity
Form subdivision Children's Books
700 ## - ADDED ENTRY--PERSONAL NAME
Personal name Krykorka , Vladyana
Relator term Illustrator
942 ## - ADDED ENTRY ELEMENTS (KOHA)
Source of classification or shelving scheme Dewey Decimal Classification
Koha item type Books
Suppress in OPAC No
Holdings
Withdrawn status Lost status Source of classification or shelving scheme Damaged status Not for loan Collection Home library Current library Shelving location Date acquired Total Checkouts Full call number Barcode Date last seen Price effective from Koha item type
    Dewey Decimal Classification     Juvenile Fiction Footprints International School Library Network Toul Tom Poung Campus Footprints International School Library Network Toul Tom Poung Campus TTP Primary Yellow Bookshelves 03/17/2026   MUN 813.54 PZ7 .M927 .P FISTK05141 03/17/2026 03/17/2026 Books